[Event "Petroupoli ASOP Dias Seniors op"]
[Site "Petroupoli"]
[Date "2012.11.03"]
[Round "1.6"]
[White "Papathanasiou, Alexios"]
[Black "Fanos, Haralambos"]
[Result "1-0"]
[WhiteElo "1666"]
[BlackElo "1323"]
[PlyCount "75"]
[EventDate "2012.11.03"]
[EventType "swiss"]
[EventRounds "7"]
[EventCountry "GRE"]
[SourceTitle "EXT 2024"]
[Source "ChessBase"]
[SourceDate "2023.10.10"]
[SourceVersion "1"]
[SourceVersionDate "2023.10.10"]
[SourceQuality "1"]

1. Nc3 d5 2. e4 d4 3. Nce2 e5 4. Ng3 Nf6 5. Bc4 Nc6 6. a3 Bc5 7. d3 0-0 8. Nf3 Qd6 9. b4 Bb6 10. 0-0 Be6 11. Ng5 Bg4 12. Qe1 h6 13. h3 Bd7 14. Nf3 a5 15. b5 Na7 16. a4 c6 17. bxc6 Nxc6 18. Nh4 Nb4 19. Nhf5 Bxf5 20. Nxf5 Qc5 21. Ba3 Rfc8 22. Rb1 Qf8 23. Bxb4 axb4 24. Qxb4 Bc5 25. Qb3 b5 26. axb5 Ra3 27. Qb2 Rca8 28. Ra1 R8a4 29. Rxa3 Bxa3 30. Qb3 Ra8 31. Ra1 Nd7 32. Bxf7+ Qxf7 33. Rxa3 Rxa3 34. Qxa3 Qh5 35. Qe7 Qf7 36. Kf1 Qxe7 37. Nxe7+ Kf7 38. Nd5 1-0

[Event "Nikaia op 14th"]
[Site "Nikaia"]
[Date "2006.08.??"]
[Round "1"]
[White "Grigoriadis, Alexandros"]
[Black "Papathanasiou, Alexios"]
[Result "1-0"]
[WhiteElo "2214"]
[BlackElo "1390"]
[PlyCount "79"]
[EventDate "2006.08.??"]
[EventType "swiss"]
[EventRounds "9"]
[EventCountry "GRE"]
[SourceTitle "EXT 2008"]
[Source "ChessBase"]
[SourceDate "2007.11.25"]
[SourceVersion "1"]
[SourceVersionDate "2007.11.25"]
[SourceQuality "1"]

1. d4 d5 2. c4 e6 3. Nf3 Nf6 4. Nc3 c6 5. Bg5 Be7 6. e3 0-0 7. a3 Nbd7 8. Rc1 a6 9. h3 Re8 10. Bd3 dxc4 11. Bxc4 b5 12. Ba2 a5 13. 0-0 Ba6 14. Re1 Bb7 15. Bb1 b4 16. axb4 axb4 17. Na4 Qa5 18. b3 e5 19. Bxf6 Bxf6 20. Nc5 Nxc5 21. Rxc5 Qb6 22. Nxe5 Rad8 23. Bxh7+ Kf8 24. Qh5 Bxe5 25. Rxe5 Rxe5 26. Qxe5 Qa7 27. Be4 Re8 28. Qd6+ Kg8 29. Bxc6 Re6 30. Qd8+ Kh7 31. d5 Rf6 32. Bxb7 Qxb7 33. Rc1 Qa6 34. Qc8 Qe2 35. Qc2+ Qxc2 36. Rxc2 Rd6 37. Rc5 Rb6 38. e4 Kg8 39. Rc8+ Kh7 40. f4 1-0